| 000 | 00596nam a2200181 i 4500 | ||
|---|---|---|---|
| 001 | 45249 | ||
| 003 | ES-MaACL | ||
| 005 | 20230906161204.0 | ||
| 007 | t| | ||
| 008 | 030325s1902 fr ||||1| fre d | ||
| 245 | 0 | 0 |
_aCode international de l'abordage, de l'assistance et du sauvetage maritimes _b: doctrine legislat. jurisprud. |
| 250 |
_a2eme ed. rev. _bsous la direction de F. C. Autran par R. de Bevotte. |
||
| 260 |
_a[Marseille : _bSaint Leon], _c1902. |
||
| 300 |
_a596 p. ; _c23 cm. |
||
| 700 | 1 |
_aAutran, F. C. _923978 |
|
| 700 | 1 |
_aBevotte, R. de. _928719 |
|
| 852 |
_aES-MaACL _jF-1768 |
||
| 999 |
_c45249 _d45249 |
||